000 01097nam a2200229Ia 4500
003 Ost
005 20260416102402.0
008 260416s9999||||xx |||||||||||||| ||und||
040 _cfsecg
041 _aara
082 _a658
100 _aعزالدين، سمير
_eمؤلف
245 0 _aمحاضرات في اقتصاد المؤسسة /
_cسمير عزالدين
260 _aالجزائر
_bجامعة الجزائر3: كلية العلوم الإقتصادية، العلوم التجارية وعلوم التسيير
_c2024
300 _a91 ورقة
_bايضاحات
_c12 سم
504 _aبيبليوغرافيا ص.82
520 _aمقدمة في تسيير المؤسسة،المؤسسة و البيئة،الوظائف التسييرية للمؤسسة،تحليل الاستراتيجي للمؤسسة.
653 _aاقتصاد المؤسسة
653 _aالمؤسسة:تسيير
710 _aجامعة الجزائر3: كلية العلوم الإقتصادية، العلوم التجارية وعلوم التسيير
_eناشر علمي
942 _cHANDOUT
999 _c41463
_d41463